[Event "Baden-Baden"]
[Site "Baden-Baden"]
[Date "1988.??.??"]
[Round "?"]
[White "Tseshkovsky, Vitaly"]
[Black "Rajkovic, Dusan"]
[Result "1/2-1/2"]
[WhiteElo "2505"]
[BlackElo "2495"]

1.e4 c5 2.Nf3 Nc6 3.Bb5 e6 4.O-O Nge7 5.b3 a6 6.Bxc6 bxc6 7.Re1 Ng6 8.Bb2 f6
9.d4 cxd4 10.Nxd4 Be7 11.Nc3 O-O 12.Qd3 c5 13.Nf5 Ne5 14.Nxe7+ Qxe7 15.Qg3 Bb7
16.Rad1 d6 17.f4 Nc6 18.Rd2 Nd4 19.Nd1 e5 20.c3 Nb5 21.f5 Rfd8 22.Qf3 a5
23.a4 Nc7 24.Ne3 Bc6 25.Red1 Ne8 26.c4 Qb7 27.Nd5 Rd7 28.Ba3 Rb8 29.Rb2 Nc7
30.Nc3 Na6 31.Re1 Rbd8 32.h4 Qb8 33.g4 Rb7 34.Nb5 Nc7 35.Rd2 Ne8 36.g5 Rdd7
37.g6 h6 38.Bb2 Kf8 39.Bc3 Qa8 40.Qe3 Ke7 41.Kf2 Rb6 42.Kf3 Ra6 43.h5 Bb7
44.Kf2 Rb6 45.Bb2 Nc7 46.Bc3 Ne8 47.Rde2 Rc6 48.Qd2 Ra6 49.Qe3 Rc6 50.Rg1 Kf8
51.Bb2 Nc7 52.Bc3 Ne8 53.Rg4 Ra6 54.Bd2 Bc6 55.Rg1 Bb7 56.Bc1 Rb6 57.Ba3 Rc6
58.Rd1 Qd8 59.Red2 Qb6 60.Ke1 Ke7 61.Rd3 Rc8 62.R1d2 Rc6 63.Kd1 Rc8 64.Kc2 Rc6
65.Kb2 Rc8 66.Ka2 Ba8 67.Rd1 Bb7 68.Bc1 Ra8 69.R3d2 Rad8 70.Ba3 Rc8 71.Rd3 Ba8
72.Qe1 Bb7 73.Bc1 Qd8  1/2-1/2

[Event "Bargteheide op"]
[Site "Bargteheide"]
[Date "1988.??.??"]
[Round "4"]
[White "Neumann, Joachim"]
[Black "Schirm, Friedmar"]
[Result "0-1"]
[WhiteElo "2210"]
[BlackElo "2275"]

1.e4 c5 2.Nf3 Nc6 3.Bb5 g6 4.O-O Bg7 5.c3 Nf6 6.Re1 O-O 7.d4 cxd4 8.cxd4 d5
9.e5 Ne4 10.Nc3 Nxc3 11.bxc3 Na5 12.Bg5 Bd7 13.Bxd7 Qxd7 14.e6 fxe6 15.Ne5 Bxe5
16.Rxe5 Nc4 17.Re1 Rf5 18.Bh4 e5 19.g4 Rf4 20.dxe5 Qxg4+ 21.Bg3 e6 22.Qxg4 Rxg4
23.h3 Rg5 24.Kg2 Rf5 25.Rad1 Rc8 26.Bh4 g5 27.Bg3 Rc5 28.Rb1 b6 29.Re2 Rf7
30.f3 Na5 31.Be1 Kg7 32.Rb4 Kg6 33.h4 Rc4 34.hxg5 Kxg5 35.Rb1 Kf5 36.Re3 Ra4
37.Re2 Rg7+ 38.Kf2 Rh4 39.Ke3 Rh1 40.Kd3 Nc4 41.Rc1 Nxe5+  0-1

[Event "URS-ch otbor56"]
[Site "Barnaul"]
[Date "1988.??.??"]
[Round "?"]
[White "Zagrebelny, Sergey"]
[Black "Vyzmanavin, Alexey"]
[Result "0-1"]
[WhiteElo "2320"]
[BlackElo "2565"]

1.e4 c5 2.Nf3 Nc6 3.Bb5 g6 4.O-O Bg7 5.c3 Nf6 6.Re1 O-O 7.h3 Qb6 8.Na3 d6
9.Bf1 Rd8 10.d3 e5 11.Nc4 Qc7 12.Bg5 h6 13.Bh4 Be6 14.Ne3 Ne7 15.Nh2 Kh7
16.Be2 Nfg8 17.g4 Rf8 18.Bg3 f5 19.gxf5 gxf5 20.exf5 Nxf5 21.Nxf5 Bxf5 22.Bg4 Bg6
23.Bh5 Qf7 24.Bxg6+ Qxg6 25.Qe2 Ne7 26.Kh1 Nf5 27.Rg1 Qe6 28.c4 d5 29.Rae1 Rae8
30.b3 Re7 31.Rg2 Qf7 32.cxd5 Qxd5 33.Ng4 Nd4 34.Qe4+ Qxe4 35.Rxe4 Nf3 36.Re3 Re6
37.Nh2 Nd4 38.Rg1 h5 39.Re4 Rf5 40.Rge1 Ra6 41.Bxe5 Rxf2 42.a4 Rg6 43.Rh4 Rg5
44.Ng4 Rff5 45.Bxd4 Bxd4 46.Re7+ Rg7 47.Rxg7+ Kxg7 48.Nh2 a5 49.Re4 Rf2 50.Re1 Kg6
51.Nf1 Kg5 52.Ng3 Kh4 53.Ne2 Kxh3 54.Nxd4 cxd4 55.Kg1 Rf3 56.Re5 h4 57.Rxa5 Rxd3
58.Rb5 Kg3 59.Kf1 h3 60.Rxb7 Rd1+ 61.Ke2 h2  0-1

[Event "URS-ch otbor56"]
[Site "Barnaul"]
[Date "1988.??.??"]
[Round "?"]
[White "Kengis, Edvins"]
[Black "Yurtaev, Leonid"]
[Result "1/2-1/2"]
[WhiteElo "2470"]
[BlackElo "2485"]

1.e4 c5 2.Nf3 Nc6 3.Bb5 g6 4.O-O Bg7 5.Re1 Nf6 6.e5 Nd5 7.b3 Nc7 8.Bxc6 dxc6
9.Bb2 Bg4 10.d3 Ne6 11.Nbd2 O-O 12.h3 Bxf3 13.Nxf3 Qd5 14.Re4 f5 15.exf6 exf6
16.Qe2 Rae8 17.Re1 Nc7 18.Qd2 b6 19.R1e2 Re6 20.Qe1 Rfe8 21.Kf1 h6  1/2-1/2

[Event "GMA-Open"]
[Site "Belgrade"]
[Date "1988.??.??"]
[Round "?"]
[White "Georgiev, Krum"]
[Black "Andrijevic, Milan"]
[Result "1-0"]
[WhiteElo "2505"]
[BlackElo "2395"]

1.e4 c5 2.Nf3 Nc6 3.Bb5 e6 4.O-O Nge7 5.b3 a6 6.Bxc6 bxc6 7.Bb2 d6 8.e5 d5
9.Nc3 Ng6 10.Na4 Be7 11.c4 dxc4 12.bxc4 Rb8 13.Qc2 O-O 14.Bc3 f6 15.Qe4 Qc7
16.Qe3 Qa7 17.Rab1 f5 18.Ba5 f4 19.Qe4 Bd8 20.Bxd8 Rxd8 21.Rxb8 Qxb8 22.Rb1 Qc7
23.Nxc5 Qa5 24.Qxc6 Qxa2 25.Qb6 Re8 26.Qb3 Qa5 27.d4 h6 28.h3 Re7 29.Qc2 Nf8
30.Qd2 Qxd2 31.Nxd2 Ra7 32.Rb8 Bd7 33.Ndb3 Kf7 34.Na5 Ng6 35.Kf1 f3 36.gxf3 Nf4
37.Rb6 Nxh3 38.d5 Nf4 39.d6 g5 40.Nxd7 Rxd7 41.c5  1-0

[Event "GMA-Open"]
[Site "Belgrade"]
[Date "1988.??.??"]
[Round "?"]
[White "Vasiukov, Evgeni"]
[Black "Bator, Robert"]
[Result "1-0"]
[WhiteElo "2485"]
[BlackElo "2370"]

1.e4 c5 2.Nf3 Nc6 3.Bb5 Qb6 4.Nc3 e6 5.Bxc6 Qxc6 6.d4 Qc7 7.O-O a6 8.Re1 cxd4
9.Qxd4 Ne7 10.Bg5 f6 11.Bh4 Nc6 12.Nd5 Qd6 13.Qc3 Kf7 14.Nb6 Rb8 15.Bg3 e5
16.Rad1 Qe6 17.a3 Be7 18.Rd5 Nb4 19.Rxe5 fxe5 20.Nxe5+ Ke8 21.Nxc8 d6 22.Nxe7 dxe5
23.Nf5  1-0

[Event "GMA-Open"]
[Site "Belgrade"]
[Date "1988.??.??"]
[Round "?"]
[White "Vasiukov, Evgeni"]
[Black "Van der Wiel, John TH"]
[Result "1/2-1/2"]
[WhiteElo "2485"]
[BlackElo "2540"]

1.e4 c5 2.Nf3 Nc6 3.Bb5 d6 4.O-O Bd7 5.Re1 a6 6.Bxc6 Bxc6 7.d4 cxd4 8.Nxd4 Nf6
9.Bg5 e6 10.c4 Be7 11.Nc3 O-O 12.Qd2 h6 13.Bf4 e5 14.Nxc6 bxc6 15.Be3 Ng4
16.Na4 Nxe3 17.Qxe3 Qa5 18.b3 Rfd8 19.Rad1 Bg5 20.Qe2 Qb4 21.Rd3 Rab8 22.Red1 a5
23.g3 Be7 24.h4 Qb7 25.Qg4 Qc8 26.Qxc8 Rbxc8 27.h5 Kf8 28.Kg2 Ke8 29.f4 exf4
30.gxf4 Rb8 31.Kf3 Kd7 32.Rg1 Bf8 33.c5 Kc7 34.cxd6+ Rxd6 35.Rxd6 Kxd6 36.e5+ Kc7
37.Ke4 Rd8 38.Rg2 Rd1 39.Kf5 Rh1 40.Kg4 Be7 41.Kf3 Bf8 42.Kg4 Be7 43.Kf3 Bf8
44.Kg4 Be7 45.Kf3 Bf8  1/2-1/2

[Event "GMA-Open"]
[Site "Belgrade"]
[Date "1988.??.??"]
[Round "?"]
[White "Watson, William N"]
[Black "Gurgenidze, Bukhuti"]
[Result "1-0"]
[WhiteElo "2500"]
[BlackElo "2365"]

1.e4 c5 2.Nf3 Nc6 3.Bb5 g6 4.O-O Bg7 5.c3 e5 6.d4 cxd4 7.cxd4 Nxd4 8.Nxd4 exd4
9.f4 Ne7 10.f5 Nc6 11.f6 Bf8 12.Bc4 Qb6 13.Nd2 Ne5 14.Bd5 Bd6 15.Nf3 Nxf3+
16.Qxf3 Be5 17.Bf4 d6 18.Bxe5 dxe5 19.Qa3 Qd8 20.Rac1 Bd7 21.Bxb7 Rb8 22.Rc7 h5
23.Rxd7 Qxd7 24.Bc6  1-0

[Event "GMA-Open"]
[Site "Belgrade"]
[Date "1988.??.??"]
[Round "?"]
[White "Palos, Osman"]
[Black "Makarichev, Sergey"]
[Result "0-1"]
[WhiteElo "2350"]
[BlackElo "2500"]

1.e4 c5 2.Nf3 Nc6 3.Bb5 e6 4.Bxc6 bxc6 5.O-O Ne7 6.b3 Ng6 7.Bb2 f6 8.e5 Be7
9.exf6 gxf6 10.d4 cxd4 11.Qxd4 c5 12.Qg4 Qc7 13.Nc3 Bb7 14.Nb5 Qc6 15.a4 a6
16.Na3 O-O-O 17.Nc4 Rdg8 18.Qg3 e5 19.Bc1 Nf8 20.Bg5 Ne6 21.h4 h6 22.b4 cxb4
23.Na5 Qc7 24.Nxb7 hxg5 25.h5 Rxh5 26.Qg4 Rgh8 27.g3 Qxb7  0-1

[Event "GMA-Open"]
[Site "Belgrade"]
[Date "1988.??.??"]
[Round "?"]
[White "Palos, Osman"]
[Black "Paunovic, Dragan"]
[Result "1/2-1/2"]
[WhiteElo "2350"]
[BlackElo "2430"]

1.e4 c5 2.Nf3 Nc6 3.Bb5 g6 4.O-O Bg7 5.Re1 Nf6 6.Nc3 O-O 7.e5 Ne8 8.Bxc6 dxc6
9.d3 Nc7 10.h3 b6 11.Qe2 Ne6 12.Qe4 Qd7 13.Qh4 f5 14.Ng5 Nxg5 15.Bxg5 e6
16.Be7 Rf7 17.Bd6 Bb7 18.a4 a5 19.Ra3 Bf8 20.Bxf8 Raxf8 21.Rb3 Qc7 22.Qc4 Rd8
23.Ra3 Bc8 24.Qf4 Rg7 25.Qg5 Rd4 26.Raa1 Rf7 27.Ne2 Rd5 28.f4 Rd8 29.Kh1 Bb7
30.Ng1 Kg7 31.Nf3 h6 32.Qg3 Kh7 33.Qh4 Kg7 34.Nd2 Ba6 35.b3 Rd4 36.Qg3 Rd8
37.Rab1 Kh7 38.Qh4 Kg7 39.Re3 Rd4 40.Rg3 g5 41.Nf3 Qd8 42.Nxg5 hxg5 43.Rxg5+ Kf8
44.Qh8+ Ke7 45.Rg8 Qc7 46.Re8+ Kd7 47.Ra8 Bc8 48.g4 Qb7 49.g5 Kc7 50.g6 Rd8
51.g7 Rxh8 52.gxh8=Q Qxa8 53.Rg1 Qb7 54.Rg8 Kb8 55.Kh2 Qc7 56.Qh4 Kb7 57.Qg5 Rh7
58.h4 Qf7 59.Kg3 Bd7 60.Qd8 Rg7+ 61.Rxg7 Qxg7+ 62.Kf2 c4 63.h5 cxd3 64.cxd3 Qh7
65.h6 Qxh6 66.Qxd7+ Kb8 67.Ke3 Qh3+ 68.Kd4 Qf3 69.Qd8+ Kb7 70.Qd7+  1/2-1/2

[Event "GMA-Open"]
[Site "Belgrade"]
[Date "1988.??.??"]
[Round "?"]
[White "Ristic, Nenad"]
[Black "Nikolic, Nebojsa"]
[Result "0-1"]
[WhiteElo "2440"]
[BlackElo "2375"]

1.Nf3 c5 2.e4 Nc6 3.Bb5 g6 4.O-O Bg7 5.c3 Nf6 6.d4 cxd4 7.cxd4 Nxe4 8.d5 Nd6
9.dxc6 Nxb5 10.a4 Nc7 11.cxd7+ Bxd7 12.Ra3 Bf5 13.Bd2 O-O 14.Qe2 Qd6 15.Re3 Nd5
16.Rb3 b6 17.Na3 Rfc8 18.Re1 Bc2 19.Nxc2 Rxc2 20.Qe4 Rxb2 21.Rd3 e6 22.h4 Rc8
23.h5 Qd8 24.hxg6 hxg6 25.Ng5 Rxd2 26.Nxe6 Qf6 27.Rxd2 fxe6 28.Qxe6+ Qxe6
29.Rxe6 Kf7 30.Re4 Rc5 31.Rd3 Bf6 32.f4 a6 33.g4 b5 34.axb5 axb5 35.Ra3 Rc7
36.g5 Bc3 37.Kf2 Rb7 38.Rb3 b4 39.Ke2 Re7 40.Kd3 Rxe4 41.Kxe4 Ke6 42.Rb1 Be5
43.f5+ gxf5+ 44.Kd3 Bc3 45.Rg1 Nf4+ 46.Kc4 Ng6 47.Kd3 Ke5 48.Rh1 f4 49.Rh7 Kf5
50.Rf7+ Kxg5 51.Ke4 Kg4 52.Rb7 f3 53.Ke3 Ne5 54.Rc7 Kg3 55.Rc8 Ng4+ 56.Kd3 f2
57.Ke2 Kg2 58.Rf8 Nf6  0-1

[Event "Berlin op"]
[Site "Berlin-West"]
[Date "1988.??.??"]
[Round "4"]
[White "Bednarski, Jacek B"]
[Black "Lorenz, Sascha"]
[Result "1-0"]
[WhiteElo "2375"]
[BlackElo "2225"]

1.e4 c5 2.Nf3 Nc6 3.Bb5 g6 4.O-O Bg7 5.c3 Nf6 6.Re1 O-O 7.d4 cxd4 8.cxd4 d5
9.e5 Ne4 10.Nc3 Nxc3 11.bxc3 Na5 12.Bg5 Be6 13.Qc1 a6 14.Bd3 Nc4 15.h4 Rc8
16.h5 Qd7 17.Nh4 Rc6 18.Bh6 Rfc8 19.hxg6 fxg6 20.Qg5 Bxh6 21.Qxh6 Bf7 22.e6 Rxe6
23.Nf3 Rxe1+ 24.Rxe1 Be8 25.Bxc4 dxc4 26.Ng5 e5 27.Rxe5 b5 28.Ne4 Rc6 29.d5  1-0

[Event "Berlin op"]
[Site "Berlin-West"]
[Date "1988.??.??"]
[Round "4"]
[White "Fusthy, Zsolt"]
[Black "Bielczyk, Jacek"]
[Result "0-1"]
[WhiteElo "2280"]
[BlackElo "2385"]

1.e4 c5 2.Nf3 Nc6 3.Bb5 e6 4.O-O Nge7 5.b3 f6 6.Bb2 Ng6 7.Re1 Be7 8.d4 cxd4
9.Nxd4 O-O 10.Nc3 Qc7 11.Bf1 a6 12.g3 b5 13.Bg2 Bb7 14.Nce2 Rac8 15.Rc1 Qa5
16.Nxc6 Bxc6 17.a3 Rfd8 18.b4 Qb6 19.Nd4 Ba8 20.Nb3 Ne5 21.Bd4 Qc7 22.Nc5 Qc6
23.Qe2 Nc4 24.f4 Nxa3 25.c3 a5 26.Nb3 axb4 27.cxb4 Nc2 28.Bf2 Qc4 29.Bb6 Re8
30.Nc5 Qxe2 31.Rxe2 Nxb4 32.Rd2 Na6 33.Nb3 Rxc1+ 34.Nxc1 Bc5+ 35.Bxc5 Nxc5
36.e5 Bxg2 37.Kxg2 Rc8 38.Na2 fxe5 39.fxe5 Ne4 40.Re2 Rc4 41.h4 Kf7 42.Rb2  0-1

[Event "Berlin op"]
[Site "Berlin-West"]
[Date "1988.??.??"]
[Round "6"]
[White "Fusthy, Zsolt"]
[Black "Klundt, Klaus"]
[Result "0-1"]
[WhiteElo "2280"]
[BlackElo "2410"]

1.e4 c5 2.Nf3 Nc6 3.Bb5 g6 4.O-O Bg7 5.c3 Nf6 6.Re1 O-O 7.h3 e5 8.d4 cxd4
9.cxd4 exd4 10.Nxd4 Qb6 11.Nxc6 dxc6 12.Bc4 Re8 13.Nc3 Be6 14.Bf1 Rad8 15.Qc2 a6
16.Be3 Qa5 17.a3 c5 18.Red1 c4 19.Rxd8 Qxd8 20.Rd1 Qc8 21.Nd5 b5 22.Bg5 Bxd5
23.exd5 Qd7 24.b3 Ne4 25.Be3 Nc3 26.bxc4 Nxd1 27.Qxd1 bxc4 28.Bxc4 Qd6 29.Qa4 Rb8
30.g3 Be5 31.Kg2 Rc8 32.Bb3 h5 33.h4 Kg7 34.Qe4 Rc3 35.Ba4 Rxa3 36.Bc6 Ra2
37.Qc4 Rb2 38.Bc5 Qf6 39.Qd3 Qf5 40.Qe3 Bf6 41.d6 Rc2 42.Be4 Qxc5 43.Bxc2  0-1

[Event "Berlin op"]
[Site "Berlin-West"]
[Date "1988.??.??"]
[Round "9"]
[White "Bednarski, Jacek B"]
[Black "Domont, Alexandre"]
[Result "1-0"]
[WhiteElo "2375"]
[BlackElo "2260"]

1.e4 c5 2.Nf3 Nc6 3.Bb5 e6 4.Bxc6 bxc6 5.O-O Ne7 6.b3 Ng6 7.Bb2 f6 8.e5 Be7
9.d3 O-O 10.Nbd2 fxe5 11.Nxe5 Nxe5 12.Bxe5 d6 13.Bc3 e5 14.Qe2 Bf5 15.Rae1 g5
16.a3 Qe8 17.b4 cxb4 18.axb4 Qg6 19.Nc4 Rae8 20.Ra1 e4 21.dxe4 Bxe4 22.Rxa7 Bxc2
23.Rxe7 Rxe7 24.Qxe7 Bd3 25.Nxd6 Bxf1 26.Qe5  1-0

[Event "Bern"]
[Site "Bern"]
[Date "1988.??.??"]
[Round "?"]
[White "King, Daniel J"]
[Black "Rajkovic, Dusan"]
[Result "1-0"]
[WhiteElo "2475"]
[BlackElo "2495"]

1.e4 c5 2.Nf3 Nc6 3.Bb5 g6 4.O-O Nf6 5.Re1 Bg7 6.c3 O-O 7.d4 cxd4 8.cxd4 d5
9.e5 Ne4 10.Nc3 Bf5 11.Nh4 Nxc3 12.bxc3 Bd7 13.Bd3 Rc8 14.Qf3 Na5 15.Bd2 Be6
16.Rab1 Qd7 17.Qg3 Nc4 18.Bc1 Rc7 19.f4 Kh8 20.f5 Bxf5 21.Nxf5 gxf5 22.Qh3 e6
23.g4 Rg8 24.Kh1 Nxe5 25.dxe5 Rxc3 26.gxf5 d4 27.Qf3 exf5 28.Rb3 Qc6 29.Qxc6 bxc6
30.Rxc3 dxc3 31.Bxf5 Rd8 32.Kg2 Rd5 33.e6 fxe6 34.Bxe6 Rd8 35.Bf7 Bf6 36.Re8+ Kg7
37.Rxd8 Bxd8 38.Bb3 Kf6 39.Bh6 Bc7 40.h3 Be5 41.Bc2  1-0

[Event "JUG-chT (Women)"]
[Site "Brezovica"]
[Date "1988.??.??"]
[Round "?"]
[White "Misanovic, Vesna"]
[Black "Maksimovic, Suzana"]
[Result "1/2-1/2"]
[WhiteElo "2225"]
[BlackElo "2255"]

1.e4 c5 2.Nf3 Nc6 3.Bb5 e6 4.b3 Nf6 5.Bxc6 bxc6 6.e5 Nd5 7.O-O Be7 8.c4 Nb4
9.d4 cxd4 10.a3 Na6 11.Nxd4 O-O 12.Nc3 f6 13.exf6 Bxf6 14.Ne4 Be7 15.Qh5 c5
16.Nf3 Bb7 17.Re1 Rf5 18.Qg4 Qf8 19.Ra2 Rb8 20.Rae2 Bxe4 21.Qxe4 Rxb3 22.Ne5 Rxe5
23.Qxe5 Bf6 24.Qe4 Nb8 25.Rd1 Bd4 26.Qc2 Rb6 27.Qe4 Nc6 28.h4 Qf7 29.Be3 Rb3
30.Bxd4 cxd4 31.Rxd4 Nxd4 32.Qxd4 Qf6 33.Qxf6 gxf6 34.Rd2  1/2-1/2

[Event "Buenos Aires"]
[Site "Buenos Aires"]
[Date "1988.??.??"]
[Round "?"]
[White "Szmetan, Jorge"]
[Black "Milos, Gilberto"]
[Result "0-1"]
[WhiteElo "2405"]
[BlackElo "2510"]

1.e4 c5 2.Nf3 Nc6 3.Bb5 e6 4.O-O Nge7 5.Re1 a6 6.Bf1 d5 7.exd5 Qxd5 8.Na3 Nf5
9.Nc4 Qd8 10.a4 Be7 11.a5 O-O 12.c3 Bd7 13.d3 Be8 14.Bf4 Nd6 15.Nb6 Ra7 16.Qb3 Nb5
17.Qa2 Nc7 18.d4 cxd4 19.Red1 Bf6 20.cxd4 Nd5 21.Nxd5 exd5 22.Ne5 Be7 23.Nd3 f6
24.Nc5 Bf7 25.Be3 Re8 26.Qa4 Bxc5 27.dxc5 Ra8 28.g3 Qc8 29.Bg2 Qf5 30.g4 Qg6
31.h3 Rad8 32.Kh2 h5 33.Qf4 hxg4 34.hxg4 Re5 35.Kg3 Rde8 36.Rh1 d4 37.Bd2 Bd5
38.Bxd5+ Rxd5 39.Rh4 Qe4 40.Rah1 Qxf4+ 41.Bxf4 Rxc5 42.Rh5 Rxa5  0-1

[Event "ARG-ch"]
[Site "Buenos Aires"]
[Date "1988.??.??"]
[Round "?"]
[White "Szmetan, Jorge"]
[Black "Schwanek, Carlos"]
[Result "1/2-1/2"]
[WhiteElo "2405"]
[BlackElo "2315"]

1.e4 c5 2.Nf3 Nc6 3.Bb5 g6 4.O-O Bg7 5.Re1 e5 6.c3 Nge7 7.d4 exd4 8.cxd4 cxd4
9.Bf4 a6 10.Ba4 O-O 11.Bd6 b5 12.Bb3 Na5 13.Nbd2 Nxb3 14.Nxb3 Re8 15.Nfxd4 Nc6
16.Nf3 Bxb2 17.Rb1 Bf6 18.e5 Bg7 19.Nc5 Na5 20.h4 Bb7 21.Ng5 Bc6 22.Qg4 Nc4
23.Qf4 f6 24.exf6 Qxf6 25.Qxf6 Bxf6 26.Bg3 Rxe1+ 27.Rxe1 Kg7 28.Rd1 h6 29.Nge4 Be7
30.f3 d5 31.Ne6+ Kf7 32.N4c5 Rc8 33.Re1 a5 34.Nb3 Bd7 35.Nc7 Bc6 36.Ne6 Bb4
37.Re2 Re8 38.Nbd4 Bd7 39.Nf4 Bc5 40.Bf2 Rxe2 41.Ndxe2 Bxf2+ 42.Kxf2 Nb6
43.Ke3 b4 44.Kd4 Bb5 45.Nc1 Bc4 46.g4 g5 47.hxg5 hxg5 48.Nh3 Kf6 49.f4 gxf4
50.Nxf4 Kg5 51.Nxd5 Bxd5 52.Kc5 Bxa2 53.Nxa2 b3 54.Nc3 a4 55.Kb4  1/2-1/2

[Event "Caorle op"]
[Site "Caorle"]
[Date "1988.??.??"]
[Round "3"]
[White "Micalizzi, Giovanni"]
[Black "Loebler, Heimo"]
[Result "1-0"]
[WhiteElo "2075"]
[BlackElo "2000"]

1.e4 c5 2.Nf3 Nc6 3.Bb5 g6 4.O-O Bg7 5.Re1 Nd4 6.Nxd4 cxd4 7.d3 a6 8.Bc4 e6
9.Bb3 Ne7 10.Bg5 Qc7 11.Nd2 d6 12.Qf3 O-O 13.Bf6 Nc6 14.Bxg7 Kxg7 15.Qg3 e5
16.f4 Be6 17.f5 Bxb3 18.axb3 Nb4 19.Rf1 f6 20.fxg6 hxg6 21.Nf3 Qd7 22.Nh4 g5
23.Nf5+ Kg6 24.c3 Nc2 25.Rac1 Ne3 26.Nxe3 dxe3 27.Qxe3 Rh8 28.Qf3 Raf8 29.Qf5+ Qxf5
30.Rxf5 Rh6 31.Rcf1 Kg7 32.R1f3 Rfh8 33.h3 Rg6 34.b4 Rh4 35.g4 Rh8 36.Kg2 Kf7
37.d4 Ke6 38.d5+ Kd7 39.c4 Rc8 40.Rc3 b6 41.Rf1 Rgg8 42.Ra1 Ra8 43.Rca3 Rgc8
44.b3 b5 45.cxb5 Rc2+ 46.Kg1 Rac8 47.bxa6 R2c3 48.R3a2  1-0

[Event "Caorle op"]
[Site "Caorle"]
[Date "1988.??.??"]
[Round "4"]
[White "Facchetti, Gianni"]
[Black "Magari, R."]
[Result "1-0"]
[WhiteElo "2075"]
[BlackElo "1920"]

1.e4 c5 2.Nf3 Nc6 3.Bb5 g6 4.O-O Bg7 5.Re1 Nf6 6.c3 O-O 7.d4 cxd4 8.cxd4 d5
9.e5 Ne8 10.Nc3 Nc7 11.Bf1 a6 12.Be3 h6 13.Rc1 Bg4 14.h3 Bd7 15.Na4 Ne6 16.Nc5 Nxc5
17.Rxc5 e6 18.a3 f6 19.exf6 Qxf6 20.Qd2 Kh7 21.Nh2 h5 22.Nf3 Qe7 23.b4 Rxf3
24.gxf3 Qh4 25.Rd1 Bf6 26.Bg2 b6 27.Rc3 Rd8 28.Kf1 e5 29.dxe5 Nxe5 30.Rc7 Kh8
31.Bd4 Bxh3 32.Qh6+ Kg8 33.Qh7+ Kf8 34.Bxe5 Bxg2+ 35.Kxg2 Qg5+ 36.Kf1  1-0

[Event "Caorle op"]
[Site "Caorle"]
[Date "1988.??.??"]
[Round "5"]
[White "Micalizzi, Giovanni"]
[Black "Leoncini, Mario"]
[Result "0-1"]
[WhiteElo "2075"]
[BlackElo "2035"]

1.e4 c5 2.Nf3 Nc6 3.Bb5 g6 4.O-O Bg7 5.Re1 Nf6 6.c3 O-O 7.d4 cxd4 8.cxd4 d5
9.e5 Ne4 10.Nc3 Nxc3 11.bxc3 a6 12.Bd3 Qc7 13.Bf4 Bg4 14.h3 Bxf3 15.Qxf3 e6
16.Bg5 Rac8 17.Bf6 Nb8 18.Rac1 Nd7 19.c4 Bh6 20.Rc2 Qa5 21.Rb1 Nxf6 22.exf6 dxc4
23.Qxb7 Rc7 24.Qb4 cxd3 25.Qxa5 dxc2 26.Rf1 c1=Q 27.Rxc1 Rxc1+ 28.Kh2 Rc6
29.d5 exd5 30.Qxd5  0-1

[Event "Caorle op"]
[Site "Caorle"]
[Date "1988.??.??"]
[Round "8"]
[White "Caposciutti, Maurizio"]
[Black "Mufic, Goran"]
[Result "1-0"]
[WhiteElo "2195"]
[BlackElo "2290"]

1.e4 c5 2.Nf3 Nc6 3.Bb5 g6 4.O-O Bg7 5.Qe2 e5 6.Bxc6 dxc6 7.d3 Qe7 8.Be3 Nh6
9.h3 f6 10.Nbd2 Be6 11.Nh2 Nf7 12.f4 exf4 13.Bxf4 O-O 14.Nhf3 Rae8 15.Rae1 Qd8
16.Qf2 b6 17.Qg3 Ne5 18.Nxe5 Qd4+ 19.Be3 Qxe5 20.Qxe5 fxe5 21.b3 Bf6 22.Rf3 h5
23.Ref1 Bg7 24.Rxf8+ Rxf8 25.Rxf8+ Kxf8 26.Kf2 Ke7 27.Kg3 Bf6 28.Nf3 Bf7
29.Bg5 Bxg5 30.Nxg5 Bg8 31.Nf3 Kf6 32.Nd2 b5 33.c4 Be6 34.Nf1 Kg5 35.Nd2 h4+
36.Kf3 Bd7 37.Nf1 Kh5 38.Ne3 Be6 39.g4+ hxg3 40.Kxg3 Bd7 41.a4 Kg5 42.Ng2 a6
43.Ne1 Kf6 44.Nf3 g5 45.Ne1 Be8 46.Kg4 Kg6 47.Nf3 Bd7+ 48.Kg3 Kf6 49.Ne1 a5
50.Nf3 b4 51.Nd2 Bc8 52.Nf1 Be6 53.Nd2 Bd7 54.Nf3 Bc8 55.Nd2 Be6 56.Nf3 Bd7
57.Nd2 Be8 58.Kg4 Kg6 59.Nf3 Kh6 60.Nxe5 Bh5+ 61.Kf5 Bd1 62.Kf6 Bxb3 63.Nf7+ Kh5
64.e5 Bxc4 65.dxc4 b3 66.e6 b2 67.e7 b1=Q 68.e8=Q Qf1+ 69.Kg7 Kh4 70.Qe6 Qd1
71.Ne5 Kg3 72.Qg4+ Qxg4 73.hxg4 Kf4 74.Kf6 Ke4 75.Nf7 Kd4 76.Kxg5 Kxc4 77.Kf5 Kb3
78.Ne5 c4 79.Nxc4 Kxc4 80.g5 c5  1-0

[Event "COL-ch"]
[Site "?"]
[Date "1988.??.??"]
[Round "13"]
[White "Gonzales, S."]
[Black "Acosta, Alejandro"]
[Result "1-0"]
[WhiteElo "2305"]
[BlackElo "2325"]

1.e4 c5 2.Nf3 Nc6 3.Bb5 Na5 4.Be2 e6 5.O-O a6 6.d4 cxd4 7.Nxd4 Qc7 8.b3 b5
9.Bb2 Nf6 10.Bf3 Bb7 11.Re1 Be7 12.e5 Nd5 13.Nf5 exf5 14.Bxd5 Bxd5 15.Qxd5 O-O
16.Qd3 Rac8 17.Re2 g6 18.Nc3 Rfe8 19.Rd1 Qb8 20.Nd5 Nc6 21.Qd2 Nd8 22.Qh6 Ne6
23.Nf6+ Bxf6 24.exf6 Qf4 25.Qxf4 Nxf4 26.Rxe8+ Rxe8 27.g3 Ne6 28.Rxd7 f4
29.Kg2 Rc8 30.Ra7 h5 31.Rxa6 Rxc2 32.Be5 g5 33.gxf4 gxf4 34.a4 bxa4 35.Rxa4 Rc5
36.Bxf4 Rb5 37.Be3 Rxb3 38.Ra5 Rb4 39.Rxh5 Nf8 40.Kg3 Re4 41.Rg5+ Ng6 42.h4 Re5
43.Bf4 Rxg5+ 44.hxg5 Nf8 45.Bd6 Ne6 46.f4 Nd4 47.Kg4 Kh7 48.f5 Nb5 49.Bc5 Nc3
50.Kf4 Kg8 51.Ke5 Kh7 52.g6+ Kg8 53.Kd6  1-0

[Event "Copenhagen op"]
[Site "Copenhagen"]
[Date "1988.??.??"]
[Round "?"]
[White "Andreasson, Ingvar"]
[Black "Plachetka, Jan"]
[Result "1-0"]
[WhiteElo "2335"]
[BlackElo "2415"]

1.e4 c5 2.Nf3 Nc6 3.Bb5 Nf6 4.e5 Nd5 5.Nc3 Nxc3 6.dxc3 d5 7.exd6 Qxd6 8.Qxd6 exd6
9.Bf4 Be6 10.O-O-O O-O-O 11.Ng5 h6 12.Nxe6 fxe6 13.Rhe1 e5 14.Bg3 g5 15.Bd3 Bg7
16.c4 Rhf8 17.c3 Kc7 18.Be4 Ne7 19.f3 Ng8 20.b4 b6 21.Kc2 Nf6 22.a4 Nh5 23.a5 Nxg3
24.axb6+ axb6 25.hxg3 cxb4 26.cxb4 Rd7 27.Ra1 Kd8 28.Ra6 b5 29.Bc6 Rc7 30.cxb5 Ke7
31.Rea1 Ke6 32.Ra7 Rff7 33.Rxc7 Rxc7 34.Ra8 d5 35.Re8+ Kf7 36.Rd8 e4 37.Rxd5 e3
38.Kd3 Re7 39.Ke2 Be5 40.Rxe5 Rxe5 41.b6  1-0

[Event "Copenhagen op"]
[Site "Copenhagen"]
[Date "1988.??.??"]
[Round "?"]
[White "Siklosi, Zoltan"]
[Black "Nilsson, Nils Specht"]
[Result "1-0"]
[WhiteElo "2265"]
[BlackElo "2230"]

1.e4 c5 2.Nf3 Nc6 3.Bb5 g6 4.O-O Bg7 5.c3 Nf6 6.Re1 O-O 7.d4 cxd4 8.cxd4 d5
9.e5 Ne4 10.Nc3 Nxc3 11.bxc3 Bg4 12.Re3 Bh6 13.Rd3 Bxc1 14.Qxc1 Bxf3 15.Rxf3 f5
16.exf6 Rxf6 17.Re3 Qd6 18.Qe1 e6 19.Qe2 Raf8 20.f3 Nd8 21.Re1 R8f7 22.Ba4 g5
23.Re5 Rf5 24.Qd2 h6 25.h4 Qe7 26.Bc2 Rxe5 27.Rxe5 Rg7 28.Qe3 g4 29.fxg4 Qxh4
30.Rxd5 Qf6 31.Re5 Rg5 32.Re4 Qg7 33.Qf3 Qf7 34.Rf4 Qe7 35.Bb3 Kg7 36.Re4 Qf6
37.Qe3 Rb5 38.g3 a5 39.Qe2 Rb6 40.d5 a4 41.Rxa4 Qxc3 42.Kg2 exd5 43.Qe7+ Nf7
44.Rf4 Rf6 45.Rf5 Rxf5 46.gxf5 Qe5 47.Qxe5+ Nxe5 48.Bxd5 b6 49.Be6 Kf6 50.Kf2 Nc6
51.Ke3 Ke5 52.Kd3 Nb4+ 53.Ke3 Nc2+ 54.Kd3 Nb4+ 55.Ke3 Nc2+ 56.Kf3 Nd4+ 57.Kg4 Nxe6
58.fxe6 Kxe6 59.Kh5 Kf5 60.a4 Ke4 61.Kxh6 Kf3 62.Kg5 Kxg3 63.Kf5  1-0

[Event "Copenhagen AS04"]
[Site "Copenhagen"]
[Date "1988.??.??"]
[Round "?"]
[White "Rozentalis, Eduardas"]
[Black "Kristensen, Bjarke"]
[Result "1-0"]
[WhiteElo "2490"]
[BlackElo "2400"]

1.e4 c5 2.Nf3 Nc6 3.Bb5 Qc7 4.O-O Nf6 5.Re1 e6 6.Nc3 a6 7.Bxc6 Qxc6 8.d4 cxd4
9.Nxd4 Qc4 10.e5 Nd5 11.Ne4 f5 12.b3 Qb4 13.a3 Qa5 14.Nxf5 exf5 15.Nd6+ Bxd6
16.exd6+ Kf7 17.Re5 Qc3 18.Qxd5+ Kg6 19.h4 h6 20.Rxf5 Qxc2 21.Qf7+ Kh7 22.Bxh6  1-0

[Event "CUB-ch"]
[Site "?"]
[Date "1988.??.??"]
[Round "?"]
[White "Andres, Miguel"]
[Black "Otero, Evelio"]
[Result "1/2-1/2"]
[WhiteElo "2410"]
[BlackElo "2325"]

1.e4 c5 2.Nf3 Nc6 3.Bb5 g6 4.O-O Bg7 5.Re1 a6 6.Bxc6 bxc6 7.d3 e5 8.c3 Ne7
9.d4 cxd4 10.cxd4 exd4 11.Nxd4 O-O 12.Nc3 d6 13.Bf4 Ra7 14.Qd2 Rd7 15.Bh6  1/2-1/2

[Event "Debrecen"]
[Site "Debrecen"]
[Date "1988.??.??"]
[Round "?"]
[White "Dorfman, Josif D"]
[Black "Horvath, Csaba"]
[Result "1-0"]
[WhiteElo "2520"]
[BlackElo "2445"]

1.e4 c5 2.Nf3 Nc6 3.Bb5 g6 4.O-O Bg7 5.Re1 Nf6 6.e5 Nd5 7.c3 O-O 8.d4 cxd4
9.cxd4 d6 10.Nc3 Nxc3 11.bxc3 Bg4 12.exd6 exd6 13.h3 Bf5 14.Qa4 Qc7 15.Bf4 h6
16.Rac1 Rfd8 17.Qd1 Qb6 18.Bd3 Qa5 19.Bc4 d5 20.Bb3 Re8 21.Rxe8+ Rxe8 22.Nh2 Bc8
23.Ng4 Kh7 24.Bd2 Be6 25.Ne3 Ne7 26.g4 Qb6 27.Ng2 Qd6 28.Nf4 Bf6 29.Qf3 Kg7
30.Re1 Bg5 31.Qg3 Bxf4 32.Bxf4 Qd7 33.Qf3 Ng8 34.Re5 Rd8 35.Kg2 f6 36.Re3 Re8
37.Kh2 g5 38.Bg3 Ne7 39.Qe2 Ng6 40.Bc2 Bf7 41.Rxe8 Qxe8 42.Qxe8 Bxe8 43.Bd6 Kf7
44.Kg3 a6 45.f4 Nxf4 46.Bxf4 gxf4+ 47.Kxf4 a5 48.Bd3 b5 49.a3 Ke6 50.Bh7 Bf7
51.h4 Kd6 52.Kf5 Ke7 53.Bg6 Be6+ 54.Kf4 Bd7 55.Bf5 Be8 56.Bc8 Kd6 57.Bb7 Ke7
58.Kf5 Bd7+ 59.Kg6 Bxg4 60.Kxh6 Be6 61.Bc6  1-0

[Event "Dieren op"]
[Site "Dieren"]
[Date "1988.??.??"]
[Round "5"]
[White "Westerinen, Heikki MJ"]
[Black "Meulders, Richard"]
[Result "1/2-1/2"]
[WhiteElo "2395"]
[BlackElo "2320"]

1.e4 c5 2.Nf3 Nc6 3.Bb5 d6 4.O-O Bd7 5.Re1 a6 6.Bxc6 Bxc6 7.d4 cxd4 8.Nxd4 Rc8
9.Bg5 h6 10.Bh4 Qd7 11.Nc3 e5 12.Nf5 g6 13.Ne3 Be7 14.Bxe7 Nxe7 15.Qd2 b5
16.Rad1 Rd8 17.Ncd5 Bxd5 18.Nxd5 Nxd5 19.Qxd5 O-O 20.Re3 Rc8 21.c3 Qe7 22.Qd2 Rfd8
23.Rd3 Qh4 24.Rh3 Qg5 25.Rxh6 Qxd2 26.Rxd2 Rc4 27.f3 b4 28.cxb4 Rxb4 29.Kf2 a5
30.b3 a4  1/2-1/2